1978 year quiz - Statistics

General Stats
  • This quiz has been taken 81 times
    59 since last reset
  • The average score is 6 of 10
Answer Stats
Hint Answer % Correct
Summer lovin' in summer nights for this hit musical movie Grease
91%
Anwar Sadat and Menachem Begin agree on peace at this Maryland retreat Camp David
80%
Hundreds drink poisoned Kool-Aid at this Guyana cult camp Jonestown
70%
This oil town soap opera hits TV screens Dallas
67%
This film director flees the United States on statutory rape charges Roman Polanski
65%
Karol Wojtyla becomes third man in a year in this important role Pope
59%
This country loses its second consecutive World Cup final Netherlands
54%
Iconic mini figures are introduced by this toy company Lego
46%
Bulgarian dissident is killed in London, ostensibly by poison injected with this Umbrella
35%
This Italian militant group kidnaps and murders former prime minister Aldo Moro The Red Brigades
28%
No matching quizzes found
Score Distribution
Percent of People with Each Score
Percentile by Number Answered
Your Score History
You have not taken this quiz since the last reset